Oprocesso De Acolhimento E Integração Do Novo Funcionário Na Organização. (Record no. 2271)

MARC details
000 -Etiqueta do registo
Campo de controlo de comprimento fixo 00595 a2200169 4500
040 ## - Fonte de Catalogação
Agência de catalogação Biblioteca de Posgraduação- Universidade Lusíada de Angola
082 ## - DEWEY DECIMAL CLASSIFICATION NUMBER
Classificador- CDU 043.2 658.3/MAT/P
Prateleira/Colocação 3
100 ## - Nome Pessoal
9 (RLIN) 1095
Autor MATONDO, Lucano Boidel Daniel Manuel
245 ## - Declaração de Título
Título Oprocesso De Acolhimento E Integração Do Novo Funcionário Na Organização.
Complemento de título Estudo de Caso: Empresa Vidreira de Angola (VIDRUL) 2018 - 2019
250 ## - Indicação da edição
Edição 1ª Edição
260 ## - Publicação e Destribuíção
Local de edição/distribuição Luanda/Angola
Data de edição/distribuição Luanda, 2021
300 ## - Descrição Física
Nº Pág. 111p.
600 #0 - Nome pessoal
Autor MATONDO, Lucano Boidel Daniel Manuel
650 ## - MATERIA
MATERIA Recursos Humanos
700 ## - Entrada secundária - Nome pessoal
Autor Lucano Boidel Daniel Manuel Matondo
942 ## - - Elementos de entrada adicionados (koha)
Tipo de documento Dissertações de Grado e Mestrado
Holdings
Withdrawn status Lost status Source of classification or shelving scheme Damaged status Not for loan Permanent Location Current Location Date acquired Total Checkouts Full call number Date last seen Price effective from Koha item type
    Dewey Decimal Classification     Biblioteca de Posgraduação- Universidade Lusíada de Angola Biblioteca de Posgraduação- Universidade Lusíada de Angola 28/04/2026   043.2 658.3/MAT/P 28/04/2026 28/04/2026 Livros